00801nam a2200229 i 4500001001000000003000900010005001700019007000300036008004100039040003000080041000800110082002300118100004300141245012700184264003100311300002800342600006700370650002400437650003300461700005100494700002600545000009233DO-SdBNP20260527140433.0ta090929s1935 cu 000 p spa d aDO-SdBNPbspacBNPHUerda aspa 4aRD861.3bF438b2221 aFiallo, Fabio,d1866-1942eautor4aut.13aEl balcón de psiquis /cFabio Fiallo ; prólogo Camila Henríquez Ureña ; estudio crítico de Ana María Garasino. aHabana :bCultural,c1935. a138 páginas ;c22 cm.14aFiallo, Fabio, d1866-1942xCrítica e interpretación2LEMB 4aPoesía dominicana 4aLiteratura dominicana2LEMNB1 aHenríquez Ureña, Camila,eprologuista4pr.12aGarasino, Ana María